Statistické toleranční meze

Na minha lista:
Detalhes bibliográficos
Autor principal: Jílek, Miloš
Formato: Livro
Idioma:tcheco
Publicado em: Praha Státní nakladatelství technické literatury 1988
Edição:1. vyd.
Colecção:Teoretická knižnice inženýra
Tags: Adicionar Tag
Sem tags, seja o primeiro a adicionar uma tag!

MARC

LEADER 00000nam a2200000 4500
001 c026361
005 20250520102301.6
041 0 |a cze 
044 |a CZ 
245 1 0 |a Statistické toleranční meze  |c Miloš Jílek 
250 |a 1. vyd. 
264 1 |a Praha  |b Státní nakladatelství technické literatury  |c 1988 
300 |a 275 s. 
490 1 |a Teoretická knižnice inženýra 
830 0 |a Teoretická knižnice inženýra 
100 1 |a Jílek, Miloš